01569cam a22003854i 4500003000900000005001700009008004100026020001500067035002700082040003300109082001900142100004000161245018100201264007300382300003800455336002100493337002500514338002300539504005000562505035400612526001000966526001000976526001000986526001000996526000801006526000801014526000801022526000801030526000801038526000801046526000801054630004201062630004201104630003701146PE-LiUPU20250731173006.0150623s r 000 0 d a0802844537 a(Sirsi) i9780802844538 aPE-LiUPUbspacPE-LiUPUerda04a220.6bH712211 aHolmgren, Fredrick Carlson,eautor.14aThe old testament and the significance of Jesus :bembracing change - maintaining christian identity: the emerging center in biblical scholarship /cFrederick Carlson Holmgren. 1aGrand Rapids, Michigan :bWilliam B. Eerdmans Publishing Co.,c1999. a204 páginas ;c23 centímetros atext2rdacontent aunmediated2rdamedia avolume2rdacarrier aIncluye bibliografía al pié de páginas.0 aThe Prophetic Denunciations of Israel.- Finding Jesus in the Depth of the Old Testament.- "And It Was fulfilled".- Jesus and the Sinai Covenant.- Israel and the :New Covenant".- Jesus and the "New Covenant" in Jeremiah.- The New Testament Proclamation of Jesus.- The Old Testament and the "New" in Jesus.- Jesus: Human and Divine.- Final Reflection. aSEG42 aSEG41 aSEG40 aSEG39 aP94 aP87 aP86 aP85 aP77 aP76 aP35 aBiblia.pA.T.xRelación con el N.T. aBiblia.pN.T.xRelación con el A.T. aCristianismo y otras religiones.